Top 100 Biggest Cities in the World (2012, Includes Surrounding Urban Area) - Statistics

General Stats
  • This quiz has been taken 409 times
    352 since last reset
  • The average score is 67 of 100
Answer Stats
Hint Answer % Correct
Japan Tokyo
99%
USA New York City
95%
UK London
94%
Usa Los Angeles
94%
China Beijing
93%
France Paris
93%
Egypt Cairo
92%
Indonesia Jakarta
92%
Mexico Mexico City
92%
Russia Moscow
92%
Brazil Rio de Janeiro
92%
South Korea Seoul
91%
China Shanghai
91%
USA Chicago
90%
India Delhi
89%
Turkey Istanbul
89%
India Mumbai
89%
Argentina Buenos Aires
88%
Spain Madrid
88%
USA Miami
86%
USA San Francisco-San José
86%
Brazil São Paulo
86%
India Rome
85%
Canada Toronto
85%
Thailand Bangkok
84%
Colombia Bogotá
84%
The Philippines Manila
84%
Australia Sydney
84%
Peru Lima
83%
Singapore Singapore
83%
Spain Barcelona
82%
USA Dallas-Fort Worth
82%
South Africa Johannesburg
82%
Nigeria Lagos
82%
Russia Saint Petersburg
82%
USA Houston
81%
Japan Osaka
81%
Chile Santiago
81%
USA Washington D.C.
80%
Iran Tehran
79%
USA Boston
78%
Bangladesh Dhaka
78%
China Hong Kong
78%
Italy Milan
78%
Turkey Ankara
77%
Pakistan Karachi
77%
Taiwan Taipei
77%
Inida Kolkata
76%
China Guangzhou
74%
USA Philadelphia
74%
Dem. Rep. Congo Kinshasa
73%
Malaysia Kuala Lumpur
73%
Iraq Baghdad
72%
Saudi Arabia Riyadh
70%
Egypt Alexandria
69%
Vietnam Ho Chi Minh City
69%
USA Atlanta
68%
USA Detroit
68%
Pakistan Lahore
67%
Italy Naples
66%
India Bangaluru
62%
India Chennai
62%
Sudan Khartoum
60%
Usa Phoenix-Mesa
60%
Ghana Accra
59%
Mexico Guadalajara
59%
India Hyderabad
59%
Angola Luanda
59%
Japan Nagoya
58%
China Tianjin
57%
Brazil Belo Horizonte
55%
China Shenzhen
55%
China Xi'an-Xianyang
55%
China Chengdu
53%
Mexico Monterrey
51%
China Wuhan
51%
Colombia Medellin
50%
India Ahmedabad
49%
Germany Rurh Area
47%
Ivory Coast/Cote d´Ivoire Abidjan
45%
China Chongqing
45%
Brazil Recife
45%
Brazil Porto Alegre
44%
Brazil Salvador
43%
China Harbin
40%
India Pune
40%
Myannmar/Burma Yangon
40%
China Nanjing
39%
China Hangzhou
38%
Indonesia Surabaya
38%
Indonesia Bandung
35%
China Shenyang
32%
Iraq Surat
31%
China Qingdao
29%
China Dalian
27%
China Fuzhou
23%
China Zhengzhou
21%
China Suzhou
20%
China Dongguan
14%
China Quanzhou
7%
No matching quizzes found
Score Distribution
Percent of People with Each Score
Percentile by Number Answered
Your Score History
You have not taken this quiz since the last reset